<?xml version="1.0" encoding="utf-8"?>
<?xml-stylesheet type='text/xsl' href='./oai2.xsl'?>
<OAI-PMH xmlns="http://www.openarchives.org/OAI/2.0/" xmlns:xsi="http://www.w3.org/2001/XMLSchema-instance" xsi:schemaLocation="http://www.openarchives.org/OAI/2.0/ http://www.openarchives.org/OAI/2.0/OAI-PMH.xsd">
  <responseDate>2026-06-07T03:21:05Z</responseDate>
  <request verb="GetRecord" metadataPrefix="marcxml" identifier="record_kuniweb_2522384">https://kulturerbe.niedersachsen.de/oai</request>
  <GetRecord>
    <record>
      <header>
        <identifier>record_kuniweb_2522384</identifier>
        <datestamp>2026-03-31T19:09:18Z</datestamp>
        <setSpec>slg0175</setSpec>
      </header>
      <metadata>
        <marc:record xmlns:marc="http://www.loc.gov/MARC21/slim" xsi:schemaLocation="http://www.loc.gov/MARC21/slim http://www.loc.gov/standards/marcxml/schema/MARC21slim.xsd">
          <marc:leader>12345nkm  22     uu 4500</marc:leader>
          <marc:controlfield tag="001">2522384</marc:controlfield>
          <marc:controlfield tag="003">http://kuniweb.gbv.de</marc:controlfield>
          <marc:controlfield tag="005">2025-04-23T11:20:28</marc:controlfield>
          <marc:controlfield tag="008">|           ||||||||||||||||||||||</marc:controlfield>
          <marc:datafield tag="245" ind1="1" ind2="0">
            <marc:subfield code="a">Ophelia</marc:subfield>
          </marc:datafield>
          <marc:datafield tag="720" ind1=" " ind2=" ">
            <marc:subfield code="a">Hugo Händler</marc:subfield>
          </marc:datafield>
          <marc:datafield tag="720" ind1=" " ind2=" ">
            <marc:subfield code="a">Kunstverlag Franz Hanfstaengl</marc:subfield>
          </marc:datafield>
          <marc:datafield tag="655" ind1=" " ind2="7">
            <marc:subfield code="a">Fotografie</marc:subfield>
          </marc:datafield>
          <marc:datafield tag="046" ind1=" " ind2=" ">
            <marc:subfield code="k">1889</marc:subfield>
            <marc:subfield code="k">1889 (datierte Widmung auf dem Trägerkarton (Fotografie vermutlich im selben Jahr angefertigt))</marc:subfield>
          </marc:datafield>
          <marc:datafield tag="260" ind1=" " ind2=" ">
            <marc:subfield code="g">1889</marc:subfield>
            <marc:subfield code="g">1889 (datierte Widmung auf dem Trägerkarton (Fotografie vermutlich im selben Jahr angefertigt))</marc:subfield>
          </marc:datafield>
          <marc:datafield tag="300" ind1=" " ind2=" ">
            <marc:subfield code="a">Höhe: 245 mm (Fotografie)
Breite: 194 mm (Fotografie)
Höhe: 480 mm (Trägerkarton)
Breite: 320 mm (Trägerkarton)</marc:subfield>
          </marc:datafield>
          <marc:datafield tag="520" ind1=" " ind2=" ">
            <marc:subfield code="a">Fotografie von Franz Hanfstaengl nach einem Gemälde von Hugo Händler mit Widmung des Künstlers an HA auf dem Trägerkarton. Fotografie nach dem Gemälde (ohne Trägerkarton) auch Bestandteil der Fotocollage aus Werken Hugo Händlers im NHA (6.7.033).
In einem Brief an Otto Knille vom 30. Oktober 1889 richtet Allmers seine Bewunderung für das Bild aus: "Grüße mir auch Deinen Meisterschüler u meinen lieben Wahlneffen Händler dem ich für die Freude die mir sein Ophelienbild voll eigenthümlich nordischen Reizes bereitet hat, in Bälde danken werde." (T. Mahler 09/2024)

Aufdruck:
"GALLERIE MODERNER MEISTER./ Registered. Verlag von Franz Hanfstaengl in München./ New York, Geo. Kirchner &amp; Co. Déposé." u. mittig (Druck auf dem Trägerkarton unterhalb der Fotografie)

Aufschrift:
"'Ophelia.'" u. mittig innerhalb des Feldes für Bez. der Kunstwerke auf dem Trägerkarton "Seinem lieben Wahlohm Hermann Allmers in dankbarer Verehrung/ Hugo Händler. Berlin 89." u. re. (Bez. und Widmung von der Hand des Künstlers in schwarzer Tinte auf dem Trägerkarton)

Beschrieben in:
H. Allmers, H. G. Steimer, und A. Behne, „Briefwechsel mit Freunden in der Ferne 1880-1901“, Briefwechsel, Bd. 3, Teilband 2. Edition Temmen, Bremen, 2019. (B 122, S. 261-264 (an Otto Knille))</marc:subfield>
          </marc:datafield>
          <marc:datafield tag="650" ind1="1" ind2=" ">
            <marc:subfield code="a">Grafik, Fotografie &gt; Fotografie</marc:subfield>
          </marc:datafield>
          <marc:datafield tag="773" ind1="0" ind2=" ">
            <marc:subfield code="t">Sammlung und Nachlass Hermann Allmers</marc:subfield>
          </marc:datafield>
          <marc:datafield tag="852" ind1=" " ind2=" ">
            <marc:subfield code="a">Archiv des Landkreises Cuxhaven</marc:subfield>
          </marc:datafield>
          <marc:datafield tag="852" ind1=" " ind2=" ">
            <marc:subfield code="a">Berlin</marc:subfield>
          </marc:datafield>
          <marc:datafield tag="852" ind1=" " ind2=" ">
            <marc:subfield code="a">München</marc:subfield>
          </marc:datafield>
          <marc:datafield tag="" ind1=" " ind2=" ">
            <marc:subfield code="a">Sammlung und Nachlass Hermann Allmers sind Eigentum der Hermann-Allmers-Gesellschaft e. V. und werden in zwei Teilen an zwei Standorten verwahrt:
Die (museale) Sammlung, bestehend aus Mobiliar und Hausgerät, Tafelgemälden, kleineren und größeren Antiken, Gipsabgüssen, kunsthandwerklichen Objekten aus Keramik und Glas und einer kleinen Bibliothek, befindet sich im Allmers-Haus in Rechtenfleth.
Der literarische, grafische und fotografische "Nachlass Hermann Allmers" hingegen ist im Archiv des Landkreises Cuxhaven in Otterndorf deponiert.</marc:subfield>
          </marc:datafield>
          <marc:datafield tag="" ind1=" " ind2=" ">
            <marc:subfield code="a">Namensnennung - Nicht kommerziell - Keine Bearbeitungen 4.0 International (CC BY-NC-ND 4.0)</marc:subfield>
          </marc:datafield>
        </marc:record>
      </metadata>
    </record>
  </GetRecord>
</OAI-PMH>
